Indicadores para la evaluación del estado de conservación de ciudades históricas

Na minha lista:
Detalhes bibliográficos
Autor Corporativo: Instituto Andaluz del Patrimonio Histórico (Author)
Formato: Livro
Idioma:espanhol
Publicado em: Granada Junta de Andalucía Consejería de Cultura 1999
Colecção:Colección Cuadernos, 9
Assuntos:
Tags: Adicionar Tag
Sem tags, seja o primeiro a adicionar uma tag!

MARC

LEADER 00000nam a2200000 a 4500
001 UCO4644
003 CL-VaPUC
008 000811e19990000SP |||||||||||||||||spa|d
082 0 4 |a 720.288  |b INS  |2 21 
110 2 |a Instituto Andaluz del Patrimonio Histórico  |e author  |9 449278 
245 1 0 |a Indicadores para la evaluación del estado de conservación de ciudades históricas 
300 |a 125 p 
942 |c BK 
945 |d 20000811 00:00:00  |a rbrito 
260 |a Granada  |b Junta de Andalucía Consejería de Cultura  |c 1999 
650 7 |a RESTAURACION  |2 CL-VaPUC  |9 411453 
650 7 |a PRESERVACION DE LOS MONUMENTOS  |2 CL-VaPUC  |9 346946 
650 7 |a PRESERVACION DEL ACERVO CULTURAL  |2 CL-VaPUC  |9 369952 
583 |a last modification  |c 20000811 00:00:00  |k Rodrigo Vera 
490 0 |a Colección Cuadernos, 9 
999 |c 290668  |d 290666 
952 |0 0  |1 0  |4 0  |6 720_288000000000000_INS_1999  |7 0  |8 A  |9 340196  |a BIBHIS  |b BIBHIS  |d 2019-11-20  |i 3641120  |o 720.288 INS 1999  |p 3641120  |r 2025-01-20  |w 2019-11-20  |y BK  |k HIS